Modelling, Simulation and Fabrication of a Hybrid Solar Dryer for the Drying of Medicinal and Aromatic Plants (MAPs): (Record no. 534735)
[ view plain ]
| 000 -LEADER | |
|---|---|
| fixed length control field | 00576nam a22001457a 4500 |
| 020 ## - INTERNATIONAL STANDARD BOOK NUMBER | |
| Qualifying information | Hard Cover. |
| 100 ## - MAIN ENTRY--PERSONAL NAME | |
| Personal name | Mahmood, Mariam |
| 245 ## - TITLE STATEMENT | |
| Title | Modelling, Simulation and Fabrication of a Hybrid Solar Dryer for the Drying of Medicinal and Aromatic Plants (MAPs): |
| Remainder of title | A Case Study Khyber Paktunkhwa KPK), Pakistan. |
| 260 ## - PUBLICATION, DISTRIBUTION, ETC. | |
| Place of publication, distribution, etc. | Islamabad: |
| Name of publisher, distributor, etc. | USPCAS-E - NUST, |
| Date of publication, distribution, etc. | 2014. |
| 300 ## - PHYSICAL DESCRIPTION | |
| Extent | 11 p. : |
| Other physical details | ill. ; |
| Dimensions | 30cm. |
| 942 ## - ADDED ENTRY ELEMENTS (KOHA) | |
| Source of classification or shelving scheme | |
| Koha item type | Thesis |
| 650 ## - SUBJECT ADDED ENTRY--TOPICAL TERM | |
| Topical term or geographic name entry element | Energy System Engineering MS-Thesis. |
| 700 ## - ADDED ENTRY--PERSONAL NAME | |
| Personal name | DR. Parvez Akhtar |
| 650 ## - SUBJECT ADDED ENTRY--TOPICAL TERM | |
| -- | 28868 |
| 700 ## - ADDED ENTRY--PERSONAL NAME | |
| -- | 29068 |
| Withdrawn status | Lost status | Source of classification or shelving scheme | Damaged status | Not for loan | Permanent Location | Current Location | Shelving location | Date acquired | Total Checkouts | Full call number | Barcode | Date last seen | Price effective from | Koha item type |
|---|---|---|---|---|---|---|---|---|---|---|---|---|---|---|
| Central Library (CL) | Central Library (CL) | Thesis | 03/18/2020 | 620.0011 | CL-T-5582 | 03/18/2020 | 03/18/2020 | Thesis |
